Die fünf größten Städte pro Landkreis in Mecklenburg-Vorpommern - Statistiken

Allgemein
  • Dieses Quiz wurde 56 mal gespielt
  • Das Durchschnittsergebnis liegt bei 16 aus 30
Antwortstatistiken
Landkreis Einwohner Stadt % Korrekt
Vorpommern-Greifswald 59.691 Greifswald
93%
Nordwestmecklenburg 43.878 Wismar
91%
Mecklenburgische Seenplatte 63.989 Neubrandenburg
89%
Ludwigslust-Parchim 18.278 Parchim
89%
Vorpommern-Rügen 59.363 Stralsund
89%
Ludwigslust-Parchim 12.270 Ludwigslust
87%
Rostock 29.556 Güstrow
82%
Vorpommern-Greifswald 12.312 Anklam
78%
Vorpommern-Rügen 13.689 Bergen auf Rügen
76%
Mecklenburgische Seenplatte 20.340 Neustrelitz
71%
Vorpommern-Greifswald 9.811 Pasewalk
62%
Rostock 12.954 Bad Doberan
60%
Vorpommern-Rügen 9.199 Sassnitz
60%
Nordwestmecklenburg 10.538 Grevesmühlen
58%
Vorpommern-Rügen 15.721 Ribnitz-Damgarten
53%
Mecklenburgische Seenplatte 10.395 Demmin
51%
Rostock 8.434 Teterow
47%
Vorpommern-Greifswald 12.055 Wolgast
47%
Rostock 8.181 Bützow
44%
Vorpommern-Rügen 9.586 Grimmen
44%
Rostock 8.037 Kühlungsborn
44%
Mecklenburgische Seenplatte 21.267 Waren (Müritz)
40%
Ludwigslust-Parchim 12.399 Hagenow
38%
Mecklenburgische Seenplatte 7.272 Malchin
31%
Ludwigslust-Parchim 10.829 Boizenburg/Elbe
29%
Vorpommern-Greifswald 9.307 Torgelow
29%
Nordwestmecklenburg 4.711 Schönberg (Mecklenburg)
22%
Nordwestmecklenburg 5.457 Gadebusch
20%
Ludwigslust-Parchim 6.931 Neustadt-Glewe
20%
Nordwestmecklenburg 5.330 Lüdersdorf
2%
Keine übereinstimmenden Quizze gefunden
Verteilung der Resultate
Anzahl Personen mit jedem Resultat
Perzentil nach korrekt beantworteten Fragen
Ihre Resultats-Entwicklung
Sie haben dieses Quiz noch nicht gespielt